LEADER 02658nam 22006493u 450 001 996526781303316 005 20230617002326.0 010 $a9786611845674 010 $a1-84765-036-8 035 $a(CKB)1000000000538833 035 $a(EBL)362180 035 $a(OCoLC)476192239 035 $a(SSID)ssj0000122596 035 $a(PQKBManifestationID)11134710 035 $a(PQKBTitleCode)TC0000122596 035 $a(PQKBWorkID)10130947 035 $a(PQKB)10605865 035 $a(MiAaPQ)EBC362180 035 $a(MiAaPQ)EBC4434977 035 $a(EXLCZ)991000000000538833 100 $a20130418d2005|||| u|| | 101 0 $aeng 135 $aur|n|---||||| 181 $ctxt 182 $cc 183 $acr 200 14$aThe City$b[electronic resource] $eA Guide to London's Global Financial Centre 205 $a2nd ed. 210 $aLondon $cProfile$d2005 215 $a1 online resource (384 p.) 225 0 $aEconomist books The city 300 $aDescription based upon print version of record. 311 $a1-86197-858-8 327 $aPreliminaries; Contents; 1 About the City; 2 From the Royal Exchange to Canary Wharf; 3 Financial markets and instruments; 4 The sell side investment banking and securities; 5 The buy side investors and asset management; 6 Banking, payments and specialist financial institutions; 7 Insurance; 8 Professional and support services; 9 Shipping and commodities; 10 Bank of England; 11 Regulation; 12 Financial centre league tables; 13 City scandals, calamities and causes ce?lebre?s; 14 Challenges and outlook; Appendix 1 City institutions and organisations; Appendix 2 Principal players 327 $aAppendix 3 TimelineFurther reading; Index 330 $aThis text provides a comprehensive, relevant and up-to-date coverage of what goes on in the City and its role as a global financial centre and as the leading financial centre in Europe. 606 $aFinancial institutions 606 $aFinancial institutions$zLondon$zEngland 606 $aFinance$2HILCC 606 $aBusiness & Economics$2HILCC 606 $aFinancial Management & Planning$2HILCC 606 $aInternational Finance$2HILCC 615 4$aFinancial institutions. 615 0$aFinancial institutions 615 7$aFinance 615 7$aBusiness & Economics 615 7$aFinancial Management & Planning 615 7$aInternational Finance 676 $a332.109421 700 $aRoberts$b Richard$f1952-$01006894 801 0$bAU-PeEL 801 1$bAU-PeEL 801 2$bAU-PeEL 906 $aBOOK 912 $a996526781303316 996 $aThe City$93228432 997 $aUNISA LEADER 01430nas 2200445-a 450 001 996214022803316 005 20240413024548.0 035 $a(CKB)111056646014074 035 $a(CONSER)--2003240141 035 $a(DE-599)ZDB2246257-0 035 $a(EXLCZ)99111056646014074 100 $a20000628a19989999 --- - 101 0 $aspa 181 $ctxt$2rdacontent 182 $cc$2rdamedia 183 $acr$2rdacarrier 200 00$aCiencia UANL $erevista de divulgación científica y tecnológica de la Universidad Autónoma de Nuevo León 210 $aMonterrey, N.L. $cUniversidad Autónoma de Nuevo León 215 $a1 online resource 311 08$aPrint version: Ciencia UANL : 1405-9177 (DLC) 2003240141 (OCoLC)44499399 517 3 $aCiencia Universidad Autónoma de Nuevo León 606 $aScience$zMexico$vPeriodicals 606 $aScience$vPeriodicals 606 $aTechnology$zMexico$vPeriodicals 606 $aScience$2fast$3(OCoLC)fst01108176 606 $aTechnology$2fast$3(OCoLC)fst01145078 607 $aMexico$2fast 608 $aPeriodicals.$2fast 615 0$aScience 615 0$aScience 615 0$aTechnology 615 7$aScience. 615 7$aTechnology. 676 $a050.6 712 02$aUniversidad Autónoma de Nuevo León. 906 $aJOURNAL 912 $a996214022803316 920 $aexl_impl conversion 996 $aCiencia UANL$92087365 997 $aUNISA